000
00312nam a22001457a 4500
008
211012b ||||| |||| 00| 0 eng d
020
_a
011572110
041
_a
eng
080
_a
004
082
_a
004
100
_a
28
101
_a
SHKI
245
_a
Excel 2007 Macros Made Easy
_c
Perry,G
942
_2
udc
_c
BK
999
_c
58161
_d
58161